San Jose Sharks Roster - Statistics

General Stats
  • This quiz has been taken 197 times
    124 since last reset
  • The average score is 14 of 25
Answer Stats
Number Last Name % Correct
88 Burns
94%
65 Karlsson
86%
68 Karlsson
86%
39 Couture
85%
8 Pavelski
85%
31 Jones
83%
48 Hertl
81%
19 Thornton
80%
44 Vlasic
75%
28 Meier
72%
9 Kane
65%
30 Dell
60%
62 Labanc
60%
61 Braun
53%
27 Donskoi
48%
23 Goodrow
48%
4 Dillon
46%
20 Sorensen
42%
51 Simek
39%
14 Nyquist
32%
72 Heed
31%
18 Haley
25%
47 Ryan
25%
52 Radil
22%
67 Middleton
19%
No matching quizzes found
Score Distribution
Percent of People with Each Score
Percentile by Number Answered
Your Score History
You have not taken this quiz since the last reset